Quasiconformal surgery in holomorphic dynamics

שמור ב:
מידע ביבליוגרפי
Main Authors: Branner, Bodil (Author), Fagela, Núria (Author)
פורמט: ספר
שפה:אנגלית
יצא לאור: Cambridge Cambridge University Press 2014
מהדורה:1a. ed
סדרה:Cambridge Studies in Advanced Mathematics, 141
נושאים:
תגים: הוספת תג
אין תגיות, היה/י הראשונ/ה לתייג את הרשומה!

MARC

LEADER 00000cam a2200000 a 4500
001 UCD8939
003 CL-VaPUC
008 170527e20140000uk |||||||||||||||||eng|d
020 |a 9781107042919 
082 0 4 |a 512.2  |b BRA  |2 21 
100 0 |a Branner, Bodil  |e author  |9 592553 
700 0 |a Fagela, Núria  |e author  |9 592554 
245 1 0 |a Quasiconformal surgery in holomorphic dynamics 
250 |a 1a. ed 
300 |a 413 p 
942 |c BK 
945 |d 20170527 00:32:00  |a arojas 
260 |a Cambridge  |b Cambridge University Press  |c 2014 
650 7 |a HOMOMORFISMO  |2 CL-VaPUC  |9 592555 
650 0 |a Teoría de grupos   |9 270028 
583 |a last modification  |c 20190307 02:51:16  |k Rodrigo Vera 
490 0 |a Cambridge Studies in Advanced Mathematics, 141 
999 |c 368245  |d 368243 
952 |0 0  |1 0  |3 erd  |4 0  |6 512_200000000000000_BRA_2014  |7 0  |8 A  |9 483518  |a BIBMAT  |b BIBMAT  |i 5378273  |o 512.2 BRA 2014  |p 5378273  |r 2025-01-07  |w 2019-11-24  |y BK  |z Catalogado en:20170527  |k MAT 
952 |0 0  |1 0  |3 erd  |4 0  |6 512_200000000000000_BRA_2014  |7 0  |8 A  |9 483519  |a BIBMAT  |b BIBMAT  |i 5531896  |o 512.2 BRA 2014  |p 5531896  |r 2025-01-07  |w 2019-11-24  |y BK  |z Catalogado en:20190125  |k MAT 
952 |0 0  |1 0  |3 erd  |4 0  |6 512_200000000000000_BRA_2014  |7 0  |8 A  |9 483520  |a BIBMAT  |b BIBMAT  |i 5535190  |o 512.2 BRA 2014  |p 5535190  |r 2025-01-07  |w 2019-11-24  |y BK  |z Catalogado en:20190308  |k MAT